000
00237nam a2200097Ia 4500
001
649542
005
20250826153743.0
008
250824s9999 xx 000 0 und d
245
0
_a
SIRA SANA DA GELECEK
_c
KORAY AVCI ÇAKMAN
260
_b
TUDEM
999
_c
649542
_d
649542